Dimensions of a New Identity: The 1973 Jefferson Lectures in the Humanities (Record no. 222821)

MARC details
000 -LEADER
fixed length control field 00605nam a22001937a 4500
005 - DATE AND TIME OF LATEST TRANSACTION
control field 20220506163249.0
008 - FIXED-LENGTH DATA ELEMENTS--GENERAL INFORMATION
fixed length control field 220506b ||||| |||| 00| 0 eng d
040 ## - CATALOGING SOURCE
Transcribing agency AL
041 ## - LANGUAGE CODE
Language code of text/sound track or separate title English
082 ## - DEWEY DECIMAL CLASSIFICATION NUMBER
Edition number 23
Classification number 973.46
Item number ERID
100 ## - MAIN ENTRY--PERSONAL NAME
Personal name Erik H Erikson
100 ## - MAIN ENTRY--PERSONAL NAME
9 (RLIN) 34644
245 ## - TITLE STATEMENT
Title Dimensions of a New Identity: The 1973 Jefferson Lectures in the Humanities
260 ## - PUBLICATION, DISTRIBUTION, ETC.
Place of publication, distribution, etc. New Delhi
Name of publisher, distributor, etc. Light and Life Publishers
Date of publication, distribution, etc. 1975
300 ## - PHYSICAL DESCRIPTION
Extent 125 p.
Other physical details HB
Dimensions 22x14.5 cm.
650 ## - SUBJECT ADDED ENTRY--TOPICAL TERM
Topical term or geographic name entry element Jefferson, Thomas, 1743-1826
9 (RLIN) 34645
650 ## - SUBJECT ADDED ENTRY--TOPICAL TERM
Topical term or geographic name entry element Identity (Psychology)
9 (RLIN) 34646
700 ## - ADDED ENTRY--PERSONAL NAME
Personal name ERIKSON (Erik H)
9 (RLIN) 34647
942 ## - ADDED ENTRY ELEMENTS (KOHA)
Source of classification or shelving scheme Dewey Decimal Classification
Koha item type George Fernandes Collections
Holdings
Withdrawn status Lost status Source of classification or shelving scheme Damaged status Not for loan Collection code Home library Current library Date acquired Total Checkouts Full call number Barcode Date last seen Price effective from Koha item type
    Dewey Decimal Classification     History St Aloysius Library St Aloysius Library 03/24/2013   973.46 ERID GF03387 05/06/2022 05/06/2022 George Fernandes Collections